Statystyki dla Zwycięzcy Ligi Mistrzów (1990-2022)

Kliknij tutaj aby rozwiązać quiz!

Ogólne statystyki

  • Ten quiz został rozwiązany 55 957 razy
    (13 059 od ostatniego zresetowania)
  • Średni wynik to 27 z 33

Statystyki odpowiedzi

RokKlub% Poprawnych
2022Real Madryt
99%
1998Real Madryt
99%
2018Real Madryt
99%
2017Real Madryt
99%
2016Real Madryt
99%
2000Real Madryt
99%
2014Real Madryt
99%
2002Real Madryt
99%
2009FC Barcelona
94%
1992FC Barcelona
94%
2006FC Barcelona
94%
2011FC Barcelona
94%
2015FC Barcelona
94%
2001Bayern
91%
2020Bayern
91%
2013Bayern
91%
2005Liverpool
89%
2019Liverpool
89%
2012Chelsea
86%
2021Chelsea
86%
2008Manchester United
84%
1999Manchester United
84%
1994AC Milan
81%
2003AC Milan
81%
2007AC Milan
81%
1990AC Milan
81%
2010Inter
81%
1996Juventus
71%
2004FC Porto
56%
1997Borussia Dortmund
55%
1995Ajax
50%
1993Olympique Marsylia
17%
1991Crvena Zvezda
16%

Rozkład punktacji

Percentyl według liczby udzielonych odpowiedzi

Procent ludzi z każdym wynikiem

Twoja historia wyników

Nie rozwiązałeś tego quizu od ostatniego zresetowania